Central Library OPAC University of Rajshahi

Performance evaluation of private commercial Banks in Bangladesh : (Record no. 81810)

MARC details
000 -LEADER
fixed length control field 00907nam a22002417a 4500
001 - CONTROL NUMBER
RUCL Control Number 81810
003 - CONTROL NUMBER IDENTIFIER
rucl marc code BD-RjUL
005 - DATE AND TIME OF LATEST TRANSACTION
control field 20230829154230.0
008 - FIXED-LENGTH DATA ELEMENTS--GENERAL INFORMATION
fixed length control field 230829s2021 bg a|||| m||| 00| 0 eng d
035 ## - SYSTEM CONTROL NUMBER
system control number (BD-RjUL)81810
040 ## - CATALOGING SOURCE
Original cataloging agency BD-RjUL
Language of cataloging eng
Transcribing agency BD-RjUL
Modifying agency BD-RjUL
041 ## - LANGUAGE CODE
Language code of Book eng
082 ## - DEWEY DECIMAL CLASSIFICATION NUMBER
DDC Edition number 23
Classification number 332.123
Author mark and Year NYP 2021
100 ## - MAIN ENTRY--PERSONAL NAME
Personal name Nyem, Md. Zulker
9 (RLIN) 8687
245 10 - TITLE STATEMENT
Title Performance evaluation of private commercial Banks in Bangladesh :
Remainder of title A study of selected commercial banks /
Statement of responsibility, etc By Md. Zulker Nyem ;
Name of Supervisor/Co-Supervisor Supervisor : M. Amzad Hossain
260 ## - PUBLICATION, DISTRIBUTION, ETC. (IMPRINT)
Place of publication, distribution, etc Rajshahi :
Name of publisher, distributor, etc Department of Finance, University of Rajshahi,
Date of publication, distribution, etc 2021
300 ## - PHYSICAL DESCRIPTION
Pagination [2], 261 leaves :
Other physical details ill, ;
Dimensions 29.cm.
502 ## - DISSERTATION NOTE
Dissertation note Thesis (Ph. D.) -- Department of Finance, University of Rajshahi, 2021
504 ## - BIBLIOGRAPHY, ETC. NOTE
Bibliography, etc Bibliography : Leaves 244 - 252
650 ## - SUBJECT ADDED ENTRY--TOPICAL TERM
Topical term or geographic name as entry element Private Banks
9 (RLIN) 2667
700 ## - ADDED ENTRY--SUPERVISOR/CO-SUPERVISOR NAME
Personal name Hossain, M. Amzad, Supervisor
9 (RLIN) 8688
942 ## - ADDED ENTRY ELEMENTS (KOHA)
Source of classification or shelving scheme Dewey Decimal Classification
Koha item type Theses
Holdings
Source of classification or shelving scheme Damaged status Not for loan Collection code Permanent Location Current Location Shelving location Date of accession Source of acquisition Full call number Barcode Date last seen Thesis
Dewey Decimal Classification   Not For Loan Theses Central Library, University of Rajshahi Central Library, University of Rajshahi Documentation Section 13/08/2023 Controller of Exam. R. U. THE 332.123 NYP 2021 D4883 29/08/2023 Theses